| 000 | 00587nam a2200169 4500 | ||
|---|---|---|---|
| 999 |
_c12587 _d12587 |
||
| 008 | 240226b ||||| |||| 00| 0 eng d | ||
| 040 | _aBMS College of Architecture | ||
| 100 | _aPramod Kumar BT | ||
| 245 | _aCESPEX, Centre for Sporting Excellence,Davanagere “A Hub of Sportsmanship and Achievement" | ||
| 300 | _a57p. | ||
| 500 | _a1CF19AT069 | ||
| 502 |
_8B,Arch _NBMS College of Architecture, Visvesvaraya Technological University (VTU) _aProject report _d2023 |
||
| 650 | _asports | ||
| 700 |
_aAnand H M _eGuide |
||
| 710 |
_a RemaVaidyanathan _aGuide |
||
| 942 |
_2ddc _cTHE |
||